| 000 | 00428nam a2200157Ia 4500 | ||
|---|---|---|---|
| 008 | 210716s2011 xx 000 0 und d | ||
| 020 | _a9788131761434 | ||
| 041 | _aeng | ||
| 082 | _a005.74 HOFJ | ||
| 100 | _aHoffer, Jeffrey A;Ramesh, V;Topi, Heikki. | ||
| 245 | _aModern database management. | ||
| 250 | _a12 | ||
| 260 |
_aNew Delhi _bPearson Education _c2011 |
||
| 300 | _axxxvii,554/2018 | ||
| 650 | _aDatabase Management | ||
| 999 |
_c196429 _d196429 |
||